[Event "Indonesia Open 2013"]
[Site "Jakarta INA"]
[Date "2013.10.16"]
[Round "10.28"]
[White "Teh,Eu Wen Aron"]
[Black "Cherniaev,A1"]
[Result "0-1"]
[WhiteElo "2254"]
[BlackElo "2415"]

1.d4 Nf6 2.c4 d6 3.Nc3 e5 4.Nf3 Nbd7 5.e4 g6 6.Be2 Bg7 7.O-O O-O 8.Re1 Re8
9.Bf1 a6 10.Rb1 exd4 11.Nxd4 c6 12.Nb3 Qe7 13.Bd2 b6 14.f4 Bb7 15.Qf3 Qd8
16.Kh1 Qc7 17.Rbd1 Re6 18.Bd3 Rae8 19.a3 R6e7 20.Bc1 b5 21.cxb5 cxb5 22.Bd2 Ba8
23.h3 Qb8 24.Bb1 Nb6 25.Na5 Na4 26.Nxa4 bxa4 27.Bc3 Nxe4 28.Bxg7 Kxg7 29.Bxe4 Bxe4
30.Qc3+ Kg8 31.Nc4 d5 32.Ne5 Re6 33.Rf1 h5 34.Rc1 Qd6 35.Qd4 Qb6 36.Rfd1 Qxd4
37.Rxd4 Rb8 38.Nd3 Rf6 39.Rf1 Rb3 40.Nc5 Rxh3+ 41.Kg1 Re3 42.Rxa4 Re2 43.Nxe4 dxe4
44.Rb4 Rc6 45.Rf2 Rc1+  0-1

[Event "TCh-Belgrade Premier liga 2013"]
[Site "Belgrade SRB"]
[Date "2013.10.17"]
[Round "6.4"]
[White "Mihajlovic,Mio"]
[Black "Dimic,P"]
[Result "0-1"]
[WhiteElo "2192"]
[BlackElo "2243"]

1.d4 Nf6 2.c4 g6 3.Nc3 Bg7 4.e4 d6 5.Nf3 O-O 6.Be2 e5 7.dxe5 dxe5 8.Qxd8 Rxd8
9.Nd5 Nxd5 10.cxd5 c6 11.Bc4 b5 12.Bb3 a5 13.dxc6 Nxc6 14.Bg5 Re8 15.Bd5 Ra6
16.Bd2 Ne7 17.Bb3 a4 18.Bd1 Nc6 19.Rc1 Be6 20.Be2 Rb8 21.a3 Bg4 22.Bc3 Bxf3
23.gxf3 Rab6 24.O-O Nd4 25.Bxd4 exd4 26.Bd3 b4 27.Rfd1 bxa3 28.bxa3 Rb3 29.Rb1 Rc8
30.Rxb3 axb3 31.Kf1 Bh6 32.Rb1 Rc3 33.Ke2 Bc1 34.a4 b2 35.a5 Ra3 36.a6 g5
37.e5 h6 38.h3 Kf8 39.Bc4 Ke7 40.f4 gxf4 41.f3 Ra1 42.Bd3 Ke6 43.Kd1 Kxe5
44.Kc2 Kd5 45.Kb3 Kc5 46.Kc2 Kb6 47.Kb3 Ra5  0-1

[Event "12th Istanbul Open A 2013"]
[Site "Istanbul TUR"]
[Date "2013.10.17"]
[Round "8.18"]
[White "Caglar,Ahmet Ata"]
[Black "Kok,E"]
[Result "1-0"]
[WhiteElo "1762"]
[BlackElo "1854"]

1.Nf3 Nf6 2.d4 g6 3.c4 Bg7 4.Nc3 O-O 5.e4 d6 6.Be2 e5 7.dxe5 dxe5 8.Qxd8 Rxd8
9.Bg5 Nbd7 10.Rd1 c6 11.Nxe5 Re8 12.Nxd7 Nxd7 13.f3 Ne5 14.Nb1 Be6 15.b3 h6
16.Be3 a6 17.O-O b5 18.c5 Bf8 19.Rd2 Nd7 20.Rc1 a5 21.h3 a4 22.b4 Ne5 23.Na3 f5
24.f4 Nf7 25.e5 g5 26.g3 Re7 27.Bf3 Rc8 28.Rcd1 Ree8 29.Nb1 gxf4 30.gxf4 Red8
31.Nc3 Bc4 32.Rd4 Rxd4 33.Rxd4 Nd8 34.Nxa4 Ne6 35.Rxc4 bxc4 36.Nb6 Rd8 37.Nxc4 Nd4
38.Bxd4 Rxd4 39.Bxc6 Kf7 40.a4 Ke6 41.Bb5 Be7 42.a5 Rd1+ 43.Kf2 Rb1 44.c6 Bd8
45.a6 Ra1 46.Kf3 Bc7 47.Na5 Ra3+ 48.Ke2 Bb6 49.c7 Rc3 50.Bc6 Bxc7 51.a7 Re3+
52.Kd2 Rxh3 53.a8=Q  1-0

[Event "TCh-AUT 2nd West 2013-14"]
[Site "Austria AUT"]
[Date "2013.10.18"]
[Round "1.2"]
[White "Schenk,An"]
[Black "Konnyu,J"]
[Result "1-0"]
[WhiteElo "2489"]
[BlackElo "2317"]

1.d4 Nf6 2.c4 g6 3.Nc3 Bg7 4.e4 d6 5.Nf3 O-O 6.Be2 e5 7.Be3 Ng4 8.Bg5 f6
9.Bh4 Nh6 10.d5 a5 11.Nd2 Qe8 12.b3 Na6 13.Rb1 f5 14.f3 g5 15.Bf2 f4 16.a3 Rf7
17.b4 Bf8 18.h3 Rg7 19.Nb5 axb4 20.axb4 Bd7 21.Qb3 Nf7 22.Qc3 Be7 23.Na3 h5
24.c5 g4 25.hxg4 hxg4 26.c6 bxc6 27.dxc6 g3 28.Bg1 Bc8 29.Nac4 d5 30.exd5 Bf5
31.Ne4 Bxe4 32.fxe4 Qf8 33.d6 Bxd6 34.Nxd6 Qxd6 35.b5 Nb8 36.Bc5 Qf6 37.Bc4 Rh7
38.Ke2 Nxc6 39.bxc6 Qxc6 40.Qxe5 Ra2+ 41.Kd3 Rxh1 42.Qg5+  1-0

[Event "SPICE Cup Open 2013"]
[Site "St Louis USA"]
[Date "2013.10.18"]
[Round "7.11"]
[White "Bykhovsky,An ISR"]
[Black "Banawa,Joe"]
[Result "1-0"]
[WhiteElo "2521"]
[BlackElo "2367"]

1.d4 Nf6 2.Nf3 g6 3.c4 Bg7 4.Nc3 O-O 5.e4 d6 6.Be2 e5 7.O-O Na6 8.Re1 Qe8
9.Bg5 h6 10.Bxf6 Bxf6 11.c5 exd4 12.Nd5 Bd8 13.Bxa6 bxa6 14.cxd6 cxd6 15.Qxd4 Bg4
16.Re3 Be6 17.Nf6+ Bxf6 18.Qxf6 Qb5 19.b3 Rac8 20.Rd1 Rfd8 21.h3 Rd7 22.Red3 Qa5
23.e5 d5 24.Nd4 Qd8 25.Qf4 Kg7 26.h4 Rdc7 27.Rf3 Qe7 28.Re1 h5 29.Qf6+ Kh7
30.Kh2 Bg4 31.Rf4 Re8 32.f3 Bc8 33.Qxe7 Rexe7 34.Rf6 Be6 35.Kg3 a5 36.Kf4 Kh6
37.g4 hxg4 38.h5 Kg7 39.hxg6 Bc8 40.fxg4 Rxe5 41.gxf7  1-0

[Event "Oscaro Open 2013"]
[Site "Bastia FRA"]
[Date "2013.10.19"]
[Round "5.2"]
[White "Istratescu,A"]
[Black "Kozul,Z"]
[Result "1-0"]
[WhiteElo "2664"]
[BlackElo "2597"]

1.d4 Nf6 2.c4 g6 3.Nc3 Bg7 4.e4 d6 5.Be2 O-O 6.Nf3 e5 7.d5 a5 8.Bg5 Na6 9.Nd2 Qe8
10.h4 h5 11.Bxf6 Bxf6 12.g4 hxg4 13.Bxg4 Nc5 14.Rh3 Kg7 15.Bxc8 Qxc8 16.Qf3 Rh8
17.h5 Bg5 18.Nb3 Na6 19.Ke2 Nb4 20.Rah1 Bf4 21.a3 a4 22.axb4 axb3 23.hxg6 Rxh3
24.Qxh3 Qxh3 25.Rxh3 c6 26.gxf7 Kxf7 27.dxc6 bxc6 28.b5 Bc1 29.bxc6 Rc8 30.c7 Bxb2
31.Nb5 Ke7 32.Rxb3 Bd4 33.Rh3 Kd7 34.Nxd4 exd4 35.Rh7+ Kc6 36.Kd3 Kc5 37.f4 Ra8
38.Rh5+ Kc6 39.Kxd4 Kxc7 40.Rh7+ Kc6 41.Rh6 Kd7 42.c5 Ra4+ 43.Kd5 dxc5 44.Rh7+ Kd8
45.f5 Rd4+ 46.Ke5 Ra4 47.f6 c4 48.Rh8+ Kd7 49.f7  1-0

[Event "17th Corsican Circuit Final"]
[Site "Bastia FRA"]
[Date "2013.10.20"]
[Round "1.1"]
[White "Postny,E"]
[Black "Saric,Iv"]
[Result "1-0"]
[WhiteElo "2631"]
[BlackElo "2628"]

1.d4 Nf6 2.c4 g6 3.Nc3 Bg7 4.e4 d6 5.Nf3 O-O 6.Be2 e5 7.Be3 Na6 8.O-O Ng4
9.Bg5 Qe8 10.c5 exd4 11.Nd5 Be6 12.Bxa6 Bxd5 13.exd5 bxa6 14.cxd6 cxd6 15.Nxd4 Qe5
16.Qxg4 Qxd4 17.Qxd4 Bxd4 18.Rad1 Bc5 19.Bf6 Rfe8 20.Rfe1 Kf8 21.Kf1 a5 22.g4 h6
23.Rxe8+ Rxe8 24.Re1 Rb8 25.Re4 g5 26.Ke2 Kg8 27.Bc3 Bb4 28.Kd3 Bxc3 29.bxc3 Kf8
30.Ra4 Rb2 31.Ke3 Rb5 32.c4 Rc5 33.Kd4 Kg7 34.Ra3 Kf6 35.Rh3 Kg6 36.Rb3 f5
37.h3 h5 38.f3 fxg4 39.fxg4 hxg4 40.hxg4 Rc7 41.Re3 Kf7 42.Re6 Rd7 43.a4 Rd8
44.Kd3 Rd7 45.Kc3 Rd8 46.Kd4 Rd7 47.Rh6 Kg7 48.Rh5 Kg6 49.Rh8 Rf7 50.Rd8 Rf4+
51.Kd3 Rf6 52.Rd7 a6 53.Ke3 Kh6 54.Re7 Kg6 55.Kd3 Rf3+ 56.Kd4 Rf4+ 57.Re4 Rf6
58.c5 dxc5+ 59.Kxc5  1-0

[Event "17th Corsican Circuit Final"]
[Site "Bastia FRA"]
[Date "2013.10.20"]
[Round "1.4"]
[White "Postny,E"]
[Black "Saric,Iv"]
[Result "1/2-1/2"]
[WhiteElo "2631"]
[BlackElo "2628"]

1.d4 Nf6 2.c4 g6 3.Nc3 Bg7 4.e4 d6 5.Nf3 O-O 6.Be2 e5 7.Be3 Ng4 8.Bg5 f6
9.Bh4 g5 10.Bg3 Nh6 11.h3 Nc6 12.d5 Ne7 13.Nd2 Ng6 14.Bg4 f5 15.exf5 Nxf5
16.Nde4 Nf4 17.Rg1 h6 18.Qd2 h5 19.Bxf5 Bxf5 20.f3 a6 21.O-O-O b5 22.c5 dxc5
23.Nxc5 Qe7 24.N3e4 Rad8 25.Bxf4 exf4 26.Rge1 Bg6 27.Ne6 Rf5 28.Nxd8 Qxd8
29.Kb1 Bf7 30.d6 c5 31.d7 Bd4 32.Nd6 Qxd7 33.Nxf5 Bg6 34.Ka1 Bxf5 35.Qe2 Kf7
36.Rxd4 cxd4 37.Qe5 d3 38.Rd1 a5 39.h4 gxh4 40.Qxf4 Qd5 41.Qc7+ Kg6 42.Qb6+ Be6
43.b3 a4 44.Rxd3 Qxd3 45.Qxe6+ Kg5 46.Qe5+ Qf5 47.Qe7+ Qf6+ 48.Qxf6+ Kxf6
49.bxa4 bxa4 50.Kb2 Kf5 51.Ka3 Kf4 52.Kxa4 Kg3 53.Kb5 Kxg2 54.a4 h3 55.a5 h2
56.a6 h1=Q  1/2-1/2

[Event "Oscaro Open 2013"]
[Site "Bastia FRA"]
[Date "2013.10.20"]
[Round "9.8"]
[White "Koziak,V"]
[Black "Kozul,Z"]
[Result "0-1"]
[WhiteElo "2481"]
[BlackElo "2597"]

1.d4 Nf6 2.c4 g6 3.Nc3 Bg7 4.e4 d6 5.Nf3 O-O 6.Be2 c6 7.O-O e5 8.d5 Na6 9.Nd2 Ne8
10.Rb1 c5 11.a3 f5 12.b4 Nf6 13.Nb3 b6 14.bxc5 Nxc5 15.Nxc5 bxc5 16.Qa4 fxe4
17.Bg5 Bf5 18.Rb7 Rf7 19.Rxf7 Kxf7 20.g4 Bd7 21.Qa6 Qb6 22.Qxb6 axb6 23.Bxf6 Bxf6
24.Nxe4 Be7 25.Rb1 Ra6 26.Rb3 Ke8 27.Kg2 Ba4 28.Rc3 Kd8 29.Kg3 Ra8 30.h4 Bd7
31.Rb3 Kc7 32.Nc3 Rf8 33.Ne4 Rf4 34.Re3 h5 35.f3 Kb7 36.g5 Kc7 37.Bd3 Bf5
38.Re1 Bd7 39.Rb1 Rf8 40.Kf2 Bf5 41.Rb3 Ra8 42.Ke3 Rf8 43.Kf2 Bg4 44.Be2 Bd7
45.Bd3 Bf5 46.Kg3 Ra8 47.Kf2 Bd7 48.Ng3 Be8 49.Ne4 b5 50.cxb5 Ra4 51.Rc3 Rd4
52.Ke3 Kb6 53.Rc1 Rxd5 54.Nf6 Bxf6 55.gxf6 Rd4 56.Rg1 Rf4 57.Bxg6 Bxg6 58.Rxg6 Kxb5
59.f7 d5 60.Rg5 d4+ 61.Ke2 Rxf7 62.Rxe5 Kc4 63.Rxh5 Re7+ 64.Kd2 d3 65.Rg5 Re2+
66.Kd1 Rh2 67.a4 Kd4 68.a5 c4 69.Rg8 Kc3 70.Ke1 d2+  0-1

[Event "29th ECC Open 2013"]
[Site "Rhodes GRE"]
[Date "2013.10.21"]
[Round "2.3"]
[White "Korobov,A"]
[Black "Bosboom,M"]
[Result "1/2-1/2"]
[WhiteElo "2716"]
[BlackElo "2390"]

1.d4 g6 2.c4 Bg7 3.Nf3 Nf6 4.Nc3 O-O 5.e4 d6 6.Be2 Nbd7 7.O-O e5 8.Re1 exd4
9.Nxd4 Re8 10.Bf1 c6 11.Bf4 Nc5 12.Qc2 Nfd7 13.Be3 a5 14.b3 Re7 15.Rad1 Qe8
16.Nf3 Nxe4 17.Nxe4 Rxe4 18.Rxd6 Nf8 19.c5 Re7 20.Bc4 Bf5 21.Qc1 Ne6 22.h3 a4
23.b4 a3 24.Red1 Bb2 25.Qd2 h5 26.Bh6 Bg7 27.Bxg7 Nxg7 28.Qh6 Ne6 29.g4 hxg4
30.hxg4 Be4 31.Ne5 Qf8 32.Qh4 g5 33.Qh2 Rae8 34.f3 Bd5 35.Bxd5 cxd5 36.Nd3 Qg7
37.Rxd5 Nd4 38.Rf1 Ne2+ 39.Kh1 Re6 40.Rd6 Rxd6 41.cxd6 Qd4 42.Kg2 Qxd3 43.Rh1 Nf4+
44.Kg3 Nh3 45.Qxh3 Qxd6+ 46.Kf2 Qd4+ 47.Kg3 Qf4+ 48.Kf2 Qd4+ 49.Kg3 Re2 50.Qh7+ Kf8
51.Qh8+ Qxh8 52.Rxh8+ Ke7 53.Rb8 Rxa2 54.Rxb7+ Ke6 55.Rb5 f6 56.Ra5 Ra1 57.Kg2  1/2-1/2

[Event "29th ECC Open 2013"]
[Site "Rhodes GRE"]
[Date "2013.10.21"]
[Round "2.2"]
[White "Banikas,H"]
[Black "Kovalev,Vl"]
[Result "1/2-1/2"]
[WhiteElo "2630"]
[BlackElo "2563"]

1.d4 Nf6 2.c4 g6 3.Nc3 Bg7 4.e4 d6 5.Be2 O-O 6.Nf3 e5 7.O-O Na6 8.Be3 Ng4
9.Bg5 f6 10.Bh4 Nh6 11.h3 Qe8 12.Re1 c6 13.Bf1 Nf7 14.Bg3 Nc7 15.b4 b6 16.Qa4 c5
17.Qxe8 Rxe8 18.dxc5 dxc5 19.bxc5 bxc5 20.Nd2 Ne6 21.Nb3 Nfd8 22.Na5 Nb7
23.Nxb7 Bxb7 24.Nd5 Bc6 25.f3 Kf7 26.Reb1 Reb8 27.Be1 Bf8 28.Bd3 Bd6 29.Ba5 Rxb1+
30.Rxb1 Rb8 31.Rxb8 Bxb8 32.Kf2 Bd6 33.h4 Bb8 34.Bd2 Bd6 35.Ba5 Bb8 36.Bd2 Bd6
37.Ba5 Bb8 38.Bd2  1/2-1/2

[Event "TCh-Belgrade Premier liga 2013"]
[Site "Belgrade SRB"]
[Date "2013.10.22"]
[Round "11.1"]
[White "Djuric,S"]
[Black "Ilincic,Z"]
[Result "0-1"]
[WhiteElo "2442"]
[BlackElo "2412"]

1.d4 Nf6 2.c4 g6 3.Nc3 Bg7 4.e4 d6 5.Nf3 O-O 6.Be2 e5 7.O-O Nh5 8.h3 Nf4
9.Bxf4 exf4 10.Qd2 g5 11.Rad1 Nc6 12.Rfe1 h6 13.Nd5 Re8 14.Qd3 a5 15.a3 a4
16.Bf1 Ra5 17.Qd2 b6 18.Nb4 Bb7 19.Qc2 Ne7 20.Nd5 Qc8 21.Nh2 Ng6 22.Ng4 Qd8
23.e5 Bxd5 24.cxd5 h5 25.exd6 Rxe1 26.Rxe1 cxd6 27.Nh2 Bxd4 28.Nf3 Qf6 29.Re8+ Kg7
30.Nxd4 Qxd4 31.Bd3 Rc5 32.Qb1 Ne5 33.Bh7 Qd2 34.Rg8+ Kh6 35.Qe4 Rc1+ 36.Kh2 Qd1  0-1

[Event "17th Unive Open 2013"]
[Site "Hoogeveen NED"]
[Date "2013.10.23"]
[Round "6.7"]
[White "Levin,F"]
[Black "Brookes,C"]
[Result "1-0"]
[WhiteElo "2480"]
[BlackElo "2136"]

1.d4 Nf6 2.c4 g6 3.Nc3 Bg7 4.e4 d6 5.Be2 O-O 6.Nf3 e5 7.Be3 Nbd7 8.d5 Ng4
9.Bg5 f6 10.Bd2 f5 11.exf5 gxf5 12.Ng5 Ndf6 13.h3 Nh6 14.Qc2 c6 15.g4 f4
16.Bd3 Nfxg4 17.Bxh7+ Kh8 18.hxg4 Qxg5 19.f3 Bxg4 20.Ne4 Qd8 21.fxg4 Kxh7
22.Ng5+ Kg8 23.Qh7+  1-0

[Event "29th ECC Open 2013"]
[Site "Rhodes GRE"]
[Date "2013.10.23"]
[Round "4.13"]
[White "Aulin Jansson,J"]
[Black "Naylor,J"]
[Result "1-0"]
[WhiteElo "2201"]
[BlackElo "2142"]

1.d4 Nf6 2.Nf3 g6 3.c4 Bg7 4.Nc3 O-O 5.e4 d6 6.Be2 e5 7.dxe5 dxe5 8.Qxd8 Rxd8
9.Bg5 Re8 10.Nd5 Nxd5 11.cxd5 c6 12.O-O cxd5 13.exd5 b6 14.Rfd1 f6 15.Be3 Ba6
16.Kf1 Bxe2+ 17.Kxe2 Nd7 18.Rac1 Rec8 19.Rc6 Bf8 20.a3 Kf7 21.Nd2 Rd8 22.Ne4 h6
23.f4 f5 24.fxe5 Nxe5 25.Rf6+ Ke7 26.Re6+ Kf7 27.Rxe5 fxe4 28.Rxe4 Bg7 29.a4 g5
30.h4 Re8 31.Rxe8 Rxe8 32.hxg5 hxg5 33.b3 Bf6 34.Kf3 Kg6 35.b4 g4+ 36.Ke2 Re4
37.d6 Rxb4 38.d7 Bd8 39.Rc1 Rxa4 40.Rc8 Be7 41.d8=Q Bxd8 42.Rxd8 Ra2+ 43.Bd2 Ra4
44.g3 b5 45.Rd5 a6 46.Kd1 b4 47.Rg5+ Kf6 48.Rxg4 a5 49.Rf4+ Ke5 50.Kc1 Ra2
51.g4 Ra1+ 52.Kb2 Rd1 53.Rf2 Rg1 54.g5 a4 55.Rf8 Rg2 56.Rd8 Kf5 57.Kb1 Rg1+
58.Kc2 Rg2 59.Rd4  1-0

[Event "29th ECC Open 2013"]
[Site "Rhodes GRE"]
[Date "2013.10.24"]
[Round "5.23"]
[White "Farrell,N"]
[Black "Schaefer,Mark"]
[Result "1/2-1/2"]
[WhiteElo "2147"]
[BlackElo "2404"]

1.d4 Nf6 2.c4 g6 3.Nc3 Bg7 4.e4 d6 5.Nf3 O-O 6.Be2 Na6 7.O-O e5 8.Be3 Ng4
9.Bg5 Qe8 10.Re1 h6 11.Bh4 Rb8 12.h3 Nf6 13.dxe5 dxe5 14.Bg3 Nh5 15.Bh2 b6
16.a3 Bb7 17.b4 Rd8 18.Qc2 Nf4 19.Bf1 c6 20.Qa4 Qe7 21.Rad1 g5 22.c5 b5 23.Qb3 Nc7
24.a4 a6 25.axb5 axb5 26.Rxd8 Rxd8 27.Bxf4 exf4 28.e5 Bc8 29.Qc2 Be6 30.Bd3 Nd5
31.Nxd5 Bxd5 32.Be4 Bxe4 33.Qxe4 Qd7 34.Ra1 Qd5 35.Qxd5 Rxd5 36.Ra6 Rd1+
37.Kh2 Rb1 38.Rxc6 Rxb4 39.Rb6 Rc4 40.Rxb5 Bf8 41.Rb2 Bxc5 42.Re2 Kg7 43.g4 fxg3+
44.fxg3 Rc3 45.Kg2 Be3 46.g4 Kf8 47.h4 Ke7 48.hxg5 hxg5 49.Ra2 Ke6 50.Ra6+ Kd5
51.Rf6 Ke4 52.Rf5 Rc2+ 53.Kh3 Rc3 54.Kg2 Rc2+ 55.Kh3  1/2-1/2

[Event "29th ECC Open 2013"]
[Site "Rhodes GRE"]
[Date "2013.10.24"]
[Round "5.5"]
[White "Kryakvin,D"]
[Black "De Graaf,D"]
[Result "1-0"]
[WhiteElo "2584"]
[BlackElo "2199"]

1.d4 Nf6 2.c4 g6 3.Nc3 Bg7 4.Nf3 O-O 5.e4 d6 6.Be2 Nbd7 7.O-O e5 8.Qc2 c6
9.Rd1 Qe7 10.Rb1 a5 11.b3 Re8 12.d5 c5 13.a3 h6 14.Bd2 Nf8 15.b4 axb4 16.axb4 b6
17.Ne1 g5 18.g3 Ng6 19.Ng2 Bh3 20.Ne3 Qd7 21.f3 h5 22.Nf5 g4 23.fxg4 Nxg4
24.Nb5 Bf8 25.Bf1 Bxf1 26.Rxf1 h4 27.Rb3 Rec8 28.Qd1 Nf6 29.Qf3 Ra2 30.Bg5 Ne8
31.Qg4 Qb7 32.gxh4 Qa6 33.h5 Ra1 34.Rf3  1-0

[Event "29th ECC Open 2013"]
[Site "Rhodes GRE"]
[Date "2013.10.24"]
[Round "5.20"]
[White "Valli,F"]
[Black "Heinrich,J"]
[Result "1-0"]
[WhiteElo "2282"]
[BlackElo "2040"]

1.Nf3 Nf6 2.c4 g6 3.Nc3 Bg7 4.e4 d6 5.d4 O-O 6.Be2 e5 7.O-O Nbd7 8.Be3 c6
9.Qc2 Qc7 10.h3 exd4 11.Nxd4 Re8 12.Rad1 Nc5 13.Bf3 a5 14.Ndb5 cxb5 15.Nxb5 Qe7
16.Nxd6 Ncxe4 17.Nxe8 Qxe8 18.Rfe1 Bf5 19.Qe2 Qc6 20.Bd4 Re8 21.g4 Qc8 22.gxf5 Qxf5
23.Bg2 h5 24.Qd3 Qf4 25.Bxf6 Qxf2+ 26.Kh1 Ng3+ 27.Kh2 Rxe1 28.Rxe1 Qxe1 29.Bxg7 Ne2
30.Bd4 h4 31.Ba7 Nf4 32.Qe3 Ne2 33.Qe8+ Kg7 34.Bd4+ f6 35.Qe7+ Kh6 36.Be3+ g5
37.Qxf6+ Kh7 38.Be4+ Kg8 39.Qg6+ Kf8 40.Bc5+  1-0

[Event "17th Unive Open 2013"]
[Site "Hoogeveen NED"]
[Date "2013.10.25"]
[Round "8.4"]
[White "Levin,F"]
[Black "Pancevski,F"]
[Result "1/2-1/2"]
[WhiteElo "2480"]
[BlackElo "2493"]

1.d4 Nf6 2.c4 g6 3.Nc3 Bg7 4.e4 O-O 5.Nf3 d6 6.Be2 e5 7.dxe5 dxe5 8.Qxd8 Rxd8
9.Bg5 Re8 10.Nd5 Nxd5 11.cxd5 c6 12.Bc4 cxd5 13.Bxd5 Nd7 14.Nd2 Nb6 15.Bb3 Be6
16.Ke2 Rac8 17.Rhc1 Bf8 18.Be3  1/2-1/2

[Event "29th ECC Open 2013"]
[Site "Rhodes GRE"]
[Date "2013.10.25"]
[Round "6.6"]
[White "Ben Artzi,I"]
[Black "Lagarde,Max"]
[Result "0-1"]
[WhiteElo "2370"]
[BlackElo "2523"]

1.d4 Nf6 2.c4 d6 3.Nc3 e5 4.Nf3 Nbd7 5.e4 g6 6.Be2 Bg7 7.O-O O-O 8.h3 exd4
9.Nxd4 Re8 10.f3 Nh5 11.Be3 f5 12.Qd2 f4 13.Bf2 Ne5 14.Rfd1 Rf8 15.c5 Qg5
16.h4 Qd8 17.cxd6 c6 18.Qe1 Bd7 19.Rd2 Bh6 20.Bd1 Qf6 21.Bb3+ Kh8 22.Nde2 g5
23.Nc1 g4 24.fxg4 Bxg4 25.Nd3 Bg7 26.Bd4 Qxd6 27.Nf2 Qg6 28.Nxg4 Qxg4 29.Bd1 f3
30.Bxe5 Bxe5 31.Qe3 Qxh4 32.Bxf3 Bh2+ 33.Kf1 Ng3+ 34.Ke1 Nf5+ 35.Qf2 Bg3  0-1

[Event "29th ECC Open 2013"]
[Site "Rhodes GRE"]
[Date "2013.10.25"]
[Round "6.5"]
[White "Ragger,M"]
[Black "Zhigalko,A"]
[Result "1/2-1/2"]
[WhiteElo "2668"]
[BlackElo "2615"]

1.d4 Nf6 2.c4 g6 3.Nc3 Bg7 4.e4 d6 5.Nf3 O-O 6.Be2 e5 7.O-O exd4 8.Nxd4 Re8
9.f3 c6 10.Bf4 d5 11.cxd5 Nxd5 12.Nxd5 cxd5 13.Nb5 Be5 14.Qd2 Nc6 15.Rad1 a6
16.Nc3 Qb6+ 17.Kh1 dxe4 18.Nd5 Qxb2 19.Qxb2 Bxb2 20.Nc7 Be6 21.Rb1 Be5 22.Bxe5 Nxe5
23.a4 exf3 24.gxf3 b5 25.axb5 axb5 26.Bxb5 Rec8 27.Nxa8 Rxa8 28.Rbe1 Nxf3
29.Rxf3 Bd5 30.Kg2 Rb8 31.Be2 Re8 32.Kf2 Bxf3 33.Kxf3 Kg7 34.Ra1 Re7 35.Bd3 Kf6
36.Be4 Kg7 37.Kf4 Kg8 38.Ra4 Kg7 39.Ra8 h6 40.Bf3 Kh7 41.Kg3 Kg7 42.Kf2 Kh7
43.Be2 Kg7 44.Ra3 Kf6 45.Ke1 Kg7 46.Kd2 Kh7 47.Rf3 Kg7 48.Bc4 Rd7+ 49.Ke3 Kf8
50.Ke4 Kg8 51.Rf2 Kf8 52.Bd5 Kg7 53.Ke5 Kf8 54.Kd4 Rc7 55.Ba2 Kg8 56.Kd5 Kg7
57.Kd6 Ra7 58.Bd5 Kf8 59.Rb2 Kg7 60.Rb8 Kh7 61.Rb3 Kg7 62.Rf3 Kf8 63.Bc4 Kg7
64.Rf2 Kf8 65.Bb5 Ra5 66.Bc6 Rf5 67.Ra2 Rf6+ 68.Kc5 Kg7 69.Bd5 Kf8 70.Kd4 Rf5
71.Ke4 Kg7 72.Ra7 Kf8 73.Ra8+ Kg7 74.Rd8 Rh5 75.Rd7 Rf5 76.Ke3 Kf8 77.Kd4 Kg7
78.Rb7 Kf8 79.Be4 Rh5 80.Rb2 Kg7 81.Ra2 Kf8 82.Bf3 Rf5 83.Ke4 Kg7 84.Ra7 Kf8
85.h3 Kg8 86.Bg4 Rb5 87.Kf4 Kf8 88.Kg3 Rb3+ 89.Bf3 Kg7 90.Kf4 Rb5 91.Be4 Rc5
92.Rd7 Rh5 93.Bd5 Rf5+ 94.Ke3 Kf8 95.Bf3 Kg7 96.Bg4 Ra5 97.Kf4 Kf6 98.Kg3 Re5
99.Kf4 Re7 100.Rd8 Kg7 101.Bf3 Kh7 102.h4 h5 103.Bd5 Kg7 104.Ra8 Kh7 105.Ra5 Kg7
106.Be4 Kg8 107.Bd3 Kg7 108.Be4 Kg8 109.Bd3  1/2-1/2

[Event "17th OIBM 2013"]
[Site "Bad Wiessee GER"]
[Date "2013.10.26"]
[Round "2.9"]
[White "Sumets,A"]
[Black "Van den Bersselaar,J"]
[Result "1-0"]
[WhiteElo "2598"]
[BlackElo "2138"]

1.d4 Nf6 2.c4 g6 3.Nc3 Bg7 4.e4 d6 5.Nf3 O-O 6.Be2 Na6 7.O-O e5 8.Re1 c6
9.Be3 Qe7 10.c5 dxc5 11.dxe5 Nd7 12.Bxa6 bxa6 13.Qd6 Qxd6 14.exd6 Rb8 15.Na4 Re8
16.Bxc5 Rxb2 17.Nxb2 Bxb2 18.Rab1 Nxc5 19.Rxb2 Nd3 20.Rb8 Nxe1 21.Nxe1 c5
22.f4 f6 23.Nd3 c4 24.Nc5 c3 25.Rb3  1-0

[Event "17th OIBM 2013"]
[Site "Bad Wiessee GER"]
[Date "2013.10.26"]
[Round "2.1"]
[White "Martin Fernandez,R"]
[Black "Berkes,F"]
[Result "0-1"]
[WhiteElo "2155"]
[BlackElo "2673"]

1.d4 Nf6 2.c4 g6 3.Nc3 Bg7 4.e4 d6 5.Nf3 O-O 6.Be2 e5 7.Be3 Ng4 8.Bg5 f6
9.Bh4 Nc6 10.O-O Kh8 11.h3 Nh6 12.dxe5 dxe5 13.Qxd8 Nxd8 14.Rfd1 Ne6 15.b4 f5
16.Rac1 c6 17.c5 Nd4 18.Bc4 Nxf3+ 19.gxf3 fxe4 20.Be7 Re8 21.Nxe4 Bxh3 22.Bd6 Be6
23.Bxe6 Rxe6 24.Ng5 Ree8 25.Re1 Kg8 26.f4 exf4 27.Bxf4 Nf5 28.Ne4 Rf8 29.Nd6 Nd4  0-1

[Event "17th OIBM 2013"]
[Site "Bad Wiessee GER"]
[Date "2013.10.26"]
[Round "2.12"]
[White "Vogel,Roven"]
[Black "Kempinski,R"]
[Result "0-1"]
[WhiteElo "2105"]
[BlackElo "2585"]

1.Nf3 Nf6 2.c4 g6 3.Nc3 Bg7 4.d4 O-O 5.e4 d6 6.Be2 Na6 7.O-O e5 8.Re1 c6
9.Bf1 exd4 10.Nxd4 Ng4 11.h3 Qb6 12.hxg4 Qxd4 13.g5 Qe5 14.g3 Qe7 15.Bf4 Be5
16.Qd2 Nc5 17.Rad1 Bg4 18.Be2 Bxe2 19.Rxe2 Qe6 20.b3 Qg4 21.Bxe5 dxe5 22.Qd6 Rad8
23.Qxd8 Rxd8 24.Rxd8+ Kg7 25.Re3 Qxg5 26.Rd2 h5 27.Kf1 h4 28.gxh4 Qxh4 29.Ke1 Qh1+
30.Ke2 Ne6 31.Rd1 Nf4+ 32.Kd2 Qg2 33.Ke1 Qg1+ 34.Kd2 Qxf2+ 35.Ne2 a5 36.a3 g5
37.b4 axb4 38.axb4 Nxe2 39.Rxe2 Qd4+ 40.Ke1 Qxc4 41.Rd7 Qxb4+  0-1

[Event "17th Unive Open 2013"]
[Site "Hoogeveen NED"]
[Date "2013.10.26"]
[Round "9.14"]
[White "Okkes,M"]
[Black "Van der Veen,Jan"]
[Result "1-0"]
[WhiteElo "2351"]
[BlackElo "2056"]

1.Nf3 Nf6 2.c4 g6 3.Nc3 Bg7 4.e4 d6 5.d4 O-O 6.Be2 e5 7.Be3 Na6 8.O-O Ng4
9.Bg5 Qe8 10.c5 f6 11.Bh4 dxc5 12.dxe5 Nxe5 13.Nxe5 fxe5 14.Bxa6 bxa6 15.Qd5+ Be6
16.Qxc5 Qf7 17.b3 Rfe8 18.Rfd1 c6 19.Qa5 Qb7 20.Na4 Bf8 21.Qc3 Qb5 22.Rac1 c5
23.Nb2 Qb4 24.Nc4 Qxc3 25.Rxc3  1-0

[Event "14th Liberec Open"]
[Site "Liberec CZE"]
[Date "2013.10.26"]
[Round "1.3"]
[White "Bartos,J"]
[Black "Mejzr,J"]
[Result "1-0"]
[WhiteElo "2259"]
[BlackElo "1843"]

1.d4 Nf6 2.c4 g6 3.Nc3 Bg7 4.e4 d6 5.Nf3 O-O 6.Be2 e5 7.dxe5 dxe5 8.Qxd8 Rxd8
9.Bg5 Re8 10.Nd5 Nxd5 11.cxd5 h6 12.Be3 c6 13.Bc4 b5 14.Bb3 a5 15.a4 Bb7
16.Rc1 Re7 17.dxc6 Nxc6 18.Bc5 Rd7 19.axb5 Nd4 20.Nxd4 exd4 21.f3 d3 22.Rb1 a4
23.Bd1 d2+ 24.Ke2 f5 25.exf5 gxf5 26.Be3 Re8 27.Kf2 Rde7 28.Bxd2 Bd4+ 29.Kg3 f4+
30.Bxf4 Rg7+ 31.Kh3 Bc8+ 32.g4 h5 33.Kg3 hxg4 34.fxg4 Bb7 35.Rf1 Be4 36.Ra1 Bd3
37.Rf3 Be4 38.Rf1 Bd3 39.Rh1 Bxb5 40.Bxa4 Bxa4 41.Rxa4 Bxb2 42.Rb1 Be5 43.Bxe5 Rxe5
44.Rb8+ Kh7 45.Rf8 Re1 46.Raf4 Rg1+ 47.Kh4 Rg2 48.h3 Rg6 49.R4f7+ Rg7 50.Rxg7+ Kxg7
51.Rf3 Kg6 52.Ra3 Rg1 53.Ra6+ Kh7 54.Kh5 Rg3 55.h4 Rd3 56.Ra7+ Kh8 57.g5 Rd4
58.Kh6 Rd6+ 59.g6 Rd8 60.h5 Re8 61.Kg5 Rd8 62.h6 Rc8 63.Re7 Rd8 64.Kf6 Rc8
65.Ke6 Rd8 66.Rd7 Re8+ 67.Kd6 Ra8 68.Ke7 Rg8 69.g7+  1-0

[Event "29th ECC Open 2013"]
[Site "Rhodes GRE"]
[Date "2013.10.26"]
[Round "7.20"]
[White "Wenner,T"]
[Black "Stubberud,O"]
[Result "0-1"]
[WhiteElo "2147"]
[BlackElo "2327"]

1.Nf3 Nf6 2.c4 g6 3.d4 Bg7 4.Nc3 O-O 5.e4 d6 6.Be2 Nbd7 7.O-O e5 8.dxe5 dxe5
9.Be3 Ng4 10.Bg5 f6 11.Bd2 Nh6 12.Qc1 Nf7 13.Be3 c6 14.c5 Qe7 15.b4 a5 16.a3 axb4
17.axb4 Rxa1 18.Qxa1 f5 19.Qa7 f4 20.Bc1 g5 21.Nd2 Nf6 22.b5 Qd8 23.Rd1 g4
24.Nb3 Qe8 25.Na5 Ng5 26.Nxb7 Qh5 27.Nd6 Be6 28.Nf5 Bxf5 29.exf5 Nf3+ 30.gxf3 gxf3
31.Bc4+ Kh8 32.b6 Ng4  0-1

[Event "Scarborough Congress"]
[Site "Scarborough ENG"]
[Date "2013.10.26"]
[Round "2.7"]
[White "Jaunooby,A"]
[Black "Combie,A"]
[Result "1-0"]
[WhiteElo "2146"]
[BlackElo "2037"]

1.d4 Nf6 2.Nf3 g6 3.c4 Bg7 4.Nc3 d6 5.e4 O-O 6.Be2 e5 7.dxe5 dxe5 8.Qxd8 Rxd8
9.Bg5 Re8 10.O-O-O h6 11.Bh4 g5 12.Bg3 Nbd7 13.Nb5 Rb8 14.Nxc7 Re7 15.Nd5 Nxd5
16.cxd5 f5 17.exf5 b5 18.h4 g4 19.d6 Rf7 20.Nd2 h5 21.f3 gxf3 22.Bxf3 Rxf5
23.Bd5+ Kh8 24.Ne4 Nb6 25.Bb3 Bb7 26.d7 Bxe4 27.d8=Q+ Rxd8 28.Rxd8+ Kh7 29.Bg8+ Kg6
30.Rd6+ Rf6 31.Bxe5 Rxd6 32.Bxd6 Bh6+ 33.Kd1 Nd5 34.Bc5 a5 35.Rh3 Bf4 36.g3 Be5
37.Kc1 Nf6 38.Be6 Bg2 39.Rh2 Bf3 40.Rf2 Be4 41.Rf1 Bc6 42.Rf5 Bc7 43.Rg5+ Kh7
44.Bf5+ Kh8 45.Bd4 Bd8 46.Bxf6+ Bxf6 47.Rg6  1-0

[Event "17th OIBM 2013"]
[Site "Bad Wiessee GER"]
[Date "2013.10.27"]
[Round "3.43"]
[White "Cordts,I"]
[Black "Bergauz,Noam"]
[Result "1-0"]
[WhiteElo "2296"]
[BlackElo "1950"]

1.Nf3 Nf6 2.c4 g6 3.Nc3 Bg7 4.e4 d6 5.Be2 O-O 6.d4 e5 7.Be3 Nbd7 8.O-O Re8
9.d5 Nh5 10.g3 Bf8 11.Ne1 Ng7 12.b4 f5 13.f3 Be7 14.Qd2 a5 15.bxa5 Rxa5 16.Nd3 Ra8
17.a4 Nf6 18.Nf2 Nfh5 19.Nd3 Rf8 20.g4 Nf6 21.Qd1 h5 22.gxf5 gxf5 23.Nf2 f4
24.Bd2 Kf7 25.Kh1 Rh8 26.Rg1 h4 27.h3 Ngh5 28.Ng4 Ng3+ 29.Kh2 Bxg4 30.hxg4 Qd7
31.Qb3 b6 32.Qb5 Qxb5 33.axb5 Nd7 34.Bd3 Nc5 35.Bc2 Nb7 36.Kh3 Ra5 37.Na2 Raa8
38.Nc3 Ra5 39.Na2 Ra3 40.Nb4 Rha8 41.Na6 Rxa1 42.Rxa1 Nc5 43.Re1 Nxa6 44.Ra1 Nb4
45.Rxa8 Nxc2 46.Rc8 Nf1 47.Rxc7 Ke8 48.Ba5 Bd8 49.Bxb6 Bxc7 50.Bxc7 Nfe3
51.b6 Kd7 52.Bxd6 Kxd6 53.c5+ Kd7 54.c6+ Kc8 55.b7+ Kb8 56.g5  1-0